000 00650nam a2200217 4500
003 OSt
005 20240724004420.0
006 a
008 240724b |||||||| |||| 00| 0 eng d
020 _a9712712494
040 _aDWCL-Main lib.
_cOC
082 _aFil. 658.8 G216e 2002
100 _aGarcia, Leonardo R. Jr.
245 _aE-marketing /
260 _aPasig City :
_bPublished and exclusively distributed by Anvil Pub.
_cc2002.
300 _b295 p. : ill. ;
_c26 cm.
504 _aIncludes bibliographical references.
650 _a1. E-Marketing–Philippines.
650 _a2. Electronic commerce.
942 _2ddc
_n0
_cBK - FIL
_kFil.
999 _c2626
_d2626